Central Library OPAC University of Rajshahi
Normal view MARC view

Entry Topical Term

Number of records used in: 2

001 - CONTROL NUMBER

  • control field: 10154

003 - CONTROL NUMBER IDENTIFIER

  • control field: BD-RjUL

005 - DATE AND TIME OF LATEST TRANSACTION

  • control field: 20231123104945.0

008 - FIXED-LENGTH DATA ELEMENTS

  • fixed length control field: 231123|| aca||aabn | a|a d

040 ## - CATALOGING SOURCE

  • Original cataloging agency: BD-RjUL
  • Transcribing agency: BD-RjUL

150 ## - HEADING--TOPICAL TERM

  • Topical term or geographic name entry element: Surgery
  • General subdivision: Elective Surgery

670 ## - SOURCE DATA FOUND

  • Source citation: Work cat.: (BD-RjUL)82333: HASSAN, MD. MOHIBUL 10153, COMPARATIVE STUDY OF SURGICAL SITE INFECTION AMONG RECIPIENTS OF SHORT-TERM PROPHYLACTIC AND TRADITIONAL LONG-TERM ANTIBIOTIC THERAPY IN ELECTIVE SURGERY /, 2016